000 00479nam a2200181Ia 4500
003 IIN
005 20240205160129.0
008 231217s9999 xx 000 0 und d
020 _a9789386006455 (pbk)
040 _aIIN
_bEnglish
082 _a572.3
_bVAR
100 1 _aVarghese, Sherin
245 1 _aThe Textbook of Biochemistry :
_bfor B.Sc Nursing /
_cSherin Varghese
260 _aBangalore :
_bEMMESS,
_c2017
300 _ax, 235p.
650 1 _aBiochemistry
942 _cBOOK
999 _c1630
_d1630